000 00637nam a2200229 a 4500
999 _c4895
_d4895
001 4895
003 BD-JhCC
005 20171205111827.0
008 171205s1999 bg ||||| |||| 00| 0 ben d
020 _a9840740121
035 _a(BD-JhCC)4895,
040 _aBD-JhCC
_dBD-JhCC
041 _aben
082 _a190
_bKHA 1999
100 _aখাতুন, শরীফা
245 _aদর্শন ও শিক্ষা /
_cশরীফা খাতুন
260 _aঢাকা :
_bবাংলা একাডেমী,
_c1999.
300 _a236 p. :
_c21 cm.
650 _aPhilosophy
942 _2ddc
_cBK